|
|
|
|
| LEADER |
00000cam a2200000 a 4500 |
| 001 |
vtls001061756 |
| 003 |
SK-MaSNL |
| 005 |
20260301110735.0 |
| 008 |
240314s1990 xo 0000f slo |
| 015 |
|
|
|a SNBA1990/07
|
| 020 |
|
|
|a 8022001848
|q (viaz.)
|
| 035 |
|
|
|a SNK000004584
|
| 040 |
|
|
|a SNK
|b slo
|c SNK
|e AACR2
|
| 041 |
0 |
|
|a slo
|
| 044 |
|
|
|a xo
|c SK
|
| 072 |
|
7 |
|a 821.162.4
|x Slovenská literatúra
|2 konspekt
|
| 080 |
|
|
|a 821.162.4-31
|2 2001
|
| 080 |
|
|
|a (0:82-31)
|2 2001
|
| 100 |
1 |
|
|a Urban, Milo,
|d 1904-1982
|4 aut
|9 104908
|
| 245 |
1 |
0 |
|a Živý bič
|c Milo Urban
|
| 250 |
|
|
|a 13. vyd.
|
| 260 |
|
|
|a Bratislava
|b Slovenský spisovateľ
|c 1990
|e Banská Bystrica
|f Tlačiarne SNP
|
| 300 |
|
|
|a 333 s.
|c 20 cm
|
| 366 |
|
|
|e 6000 výtl.
|
| 490 |
1 |
|
|a Vybrané spisy Mila Urbana
|v zv. 2
|
| 504 |
|
|
|a Obsahuje bibliografické poznámky
|
| 655 |
|
7 |
|a slovenské romány
|2 SNKPH
|9 70324
|
| 655 |
|
7 |
|a Slovak fiction
|2 SNKPHeng
|9 277096
|
| 800 |
1 |
|
|a Urban, Milo,
|d 1904-1982
|t Vybrané spisy
|9 277532
|
| 852 |
|
|
|a Slovenská národná knižnica
|
| 919 |
|
|
|a 80-220-0184-8
|
| 958 |
|
|
|a LX
|
| 958 |
|
|
|a SV
|
| 958 |
|
|
|a OND
|
| 999 |
|
|
|c 704039
|d 705969
|
| 952 |
|
|
|t P60, <92>, [BOOK], {605}
|a SNK
|b SNK
|y NEVYP
|7 0
|p 17A0034753
|o snkSC 76963 D1
|0 0
|1 0
|4 0
|d 1997-02-03
|l 0
|r 2004-12-31 00:00:00
|w 2026-02-23
|
| 952 |
|
|
|t P60, <04>, [BOOK], {604}
|a SNK
|b SNK
|y VYP
|7 0
|p 17A0361482
|o snkSC 76963 D2
|i snkKSP 13161/2002
|0 0
|1 0
|4 0
|d 2002-10-31
|l 0
|r 2004-12-31 00:00:00
|w 2026-02-23
|
| 952 |
|
|
|a SNK
|b SNK
|y PREZ
|7 0
|p 17A0897174
|o snkSC 76963
|0 0
|1 0
|4 0
|d 2012-08-11
|l 0
|r 2026-02-23 21:10:13
|w 2026-02-23
|